000
00326nam a2200121Ia 4500
008
190722s9999 xx 000 0 und d
020
_a
978-93-325-1813-1
100
_a
Gary Yukl
245
0
_a
Leadership In Organization
260
_a
India
_b
Dorling Kindersley (India ) Pvt. Ltd. Pearson ed.
_c
2014
300
_a
448
942
_c
BK
999
_c
627
_d
627